000
00332nam a2200133Ia 4500
008
240624s9999 xx 000 0 und d
041
_a
eng
082
_a
823 DAN
100
_a
DANIKEN ERICH VON
245
_a
CHARIOTS OF THE GODS
260
_c
1980
_a
New York
_b
Berkley Books
300
_a
ix, : 163 : p. : cm. ; 17
365
_c
_b
20
999
_c
11728
_d
11728